| 000 | 00691cam a22002413a 4500 | ||
|---|---|---|---|
| 001 | 32518 | ||
| 003 | PGUSA | ||
| 005 | 20140828083714.0 | ||
| 008 | 100524s2010||||xxu|||||s|||||000 1 eng d | ||
| 040 |
_aPGUSA _beng |
||
| 042 | _adc | ||
| 050 | 4 | _aPZ | |
| 100 | 1 |
_aElwes, Alfred, _d-1888 |
|
| 245 | 1 | 4 |
_aThe Adventures of a Cat, and a Fine Cat Too! _h[electronic resource] / _cAlfred Elwes |
| 260 |
_bProject Gutenberg, _c2010 |
||
| 506 | _aPublic domain in the USA. | ||
| 516 | _aElectronic text | ||
| 653 | _aCats -- Juvenile fiction | ||
| 700 | 1 |
_aWeir, Harrison, _d1824-1906 |
|
| 830 | 0 |
_aProject Gutenberg _v32518 |
|
| 856 | 4 | 0 | _uhttp://www.gutenberg.org/ebooks/32518 |
| 942 | _cEB | ||
| 999 |
_c261773 _d261773 |
||